Statistiques concernant Membres des Spriggan Twelve ( Fairy Tail )

Cliquez ici pour prendre le quiz!

Statistiques générales

  • Ce quiz a été pris 28 fois
  • Le résultat moyen est 8 sur 13

Statistiques - réponses

Réponse% Correct
God Serena
100%
August
91%
Dimaria
91%
Eileen
91%
Zeleph
91%
Ajil
68%
Brandish
68%
Jacob
64%
Bloodman
50%
Inbel
36%
Wahl
36%
Rahkeid
27%
Ninehart
23%

Distribution des résultats

Percentile par nombre de réponses

% des personnes avec chaque résultat

Votre développement - résultats

Vous n’avez pas pris ce quiz